logo

Bir Sreshtho Munshi Abdur Rouf Library
Jhenaidah Cadet College

১০০১ ম্যাথ ফর্মূলা / (Record no. 1798)

MARC details
000 -LEADER
fixed length control field 00824nam a2200241 a 4500
001 - CONTROL NUMBER
JCCL Control Number 1798
003 - CONTROL NUMBER IDENTIFIER
JCCL marc code BD-JhCC
005 - DATE AND TIME OF LATEST TRANSACTION
control field 20181026134006.0
008 - FIXED-LENGTH DATA ELEMENTS--GENERAL INFORMATION
fixed length control field 171024s2012 bg a|||| ||a| 000 0 mul d
020 ## - INTERNATIONAL STANDARD BOOK NUMBER
International Standard Book Number 9789848941027
035 ## - SYSTEM CONTROL NUMBER
system control number (BD-JhCC)1798
040 ## - CATALOGING SOURCE
Original cataloging agency BD-JhCC
Modifying agency BD-JhCC
041 ## - LANGUAGE CODE
Language code of Book mul
082 ## - DEWEY DECIMAL CLASSIFICATION NUMBER
Classification number 510
Author mark and Year ADR 2012
100 ## - MAIN ENTRY--PERSONAL NAME
Personal name অ্যাড্রিয়ান, ওয়াই ই ও
245 ## - TITLE STATEMENT
Title ১০০১ ম্যাথ ফর্মূলা /
Statement of responsibility, etc ওয়াই ই ও অ্যাড্রিয়ান; আবুল বাসার (রূপান্তর)
260 ## - PUBLICATION, DISTRIBUTION, ETC. (IMPRINT)
Place of publication, distribution, etc ঢাকা :
Name of publisher, distributor, etc অধুনা প্রকাশন,
Date of publication, distribution, etc 2012.
300 ## - PHYSICAL DESCRIPTION
Pagination 187p. :
Other physical details illu;
Dimensions 22 cm.
650 ## - SUBJECT ADDED ENTRY--TOPICAL TERM
Topical term or geographic name as entry element Mathematices
700 ## - ADDED ENTRY--PERSONAL NAME
Personal name বাসার, আবুল
942 ## - ADDED ENTRY ELEMENTS (KOHA)
Source of classification or shelving scheme Dewey Decimal Classification
Koha item type Books
Koha issues (borrowed), all copies 3
Holdings
Source of classification or shelving scheme Damaged status Not for loan Home library Current library Shelving location Date of accession Cost, normal purchase price Total Checkouts Full call number Barcode Date last seen Date checked out Copy number Koha item type
Dewey Decimal Classification     JCC Rouf Library JCC Rouf Library General Stacks 10/24/2017 225.00 13 510 ADR 2012 2317 01/28/2026 01/13/2026 C-1 Books

JCC Library | Contacts | JCC Home

Last Update on 23 September 2017
Copyright @ 2017-2020 JCC Rouf Library
Rouf Library, Jhenidah Cadet College (JCC), Bangladesh